Fourth Periodic Monitoring Report on the Status of Implementation Plans in Response to Board-Endorsed IEO Recommendations : Assessment by the Evaluation Committee to the Executive Board.

The Executive Board agreed in January 2008 to refer future Periodic Monitoring Reports (PMRs) to the Evaluation Committee (EVC) for initial consideration and review before reporting to the full Board. It was expected that, although a Board discussion could not be ruled out, in most cases the EVC dis...

Disgrifiad llawn

Manylion Llyfryddiaeth
Awdur Corfforaethol: International Monetary Fund
Fformat: Cylchgrawn
Iaith:English
Cyhoeddwyd: Washington, D.C. : International Monetary Fund, 2011.
Cyfres:Policy Papers; Policy Paper ; No. 2011/053
Pynciau:
Mynediad Ar-lein:Full text available on IMF
LEADER 01851cas a2200301 a 4500
001 AALejournalIMF020331
008 230101c9999 xx r poo 0 0eng d
020 |c 5.00 USD 
020 |z 9781498338646 
022 |a 2663-3493 
040 |a BD-DhAAL  |c BD-DhAAL 
110 2 |a International Monetary Fund. 
245 1 0 |a Fourth Periodic Monitoring Report on the Status of Implementation Plans in Response to Board-Endorsed IEO Recommendations :   |b Assessment by the Evaluation Committee to the Executive Board. 
264 1 |a Washington, D.C. :  |b International Monetary Fund,  |c 2011. 
300 |a 1 online resource (3 pages) 
490 1 |a Policy Papers 
500 |a <strong>Off-Campus Access:</strong> No User ID or Password Required 
500 |a <strong>On-Campus Access:</strong> No User ID or Password Required 
506 |a Electronic access restricted to authorized BRAC University faculty, staff and students 
520 3 |a The Executive Board agreed in January 2008 to refer future Periodic Monitoring Reports (PMRs) to the Evaluation Committee (EVC) for initial consideration and review before reporting to the full Board. It was expected that, although a Board discussion could not be ruled out, in most cases the EVC discussion would replace a Board discussion. This procedure, which was intended to make better use of Board Committees and more efficient use of Board time, was applied to the consideration of the previous PMRs and has been followed for the Fourth PMR. 
538 |a Mode of access: Internet 
650 7 |a Board Discussion  |2 imf 
650 7 |a Board  |2 imf 
650 7 |a IEO Recommendation  |2 imf 
650 7 |a IEO  |2 imf 
650 7 |a PP  |2 imf 
830 0 |a Policy Papers; Policy Paper ;  |v No. 2011/053 
856 4 0 |z Full text available on IMF  |u http://elibrary.imf.org/view/journals/007/2011/053/007.2011.issue-053-en.xml  |z IMF e-Library